Historia de las revoluciones de la provincia del Paraguay

Saved in:
Bibliographic Details
Main Author: Lozano, Pedro (autor)
Format: Book
Language:Spanish
Published: Buenos Aires Cabaut 1905
Subjects:
Tags: Add Tag
No Tags, Be the first to tag this record!

MARC

LEADER 00000nam a2200000 a 4500
001 UCO3819
003 CL-VaPUC
005 20250331154223.0
008 000720e19050000AG |||||||||||||||||spa|d
999 |c 289950  |d 289948 
040 |c Pontificia Universidad Católica de Valparaíso 
082 0 4 |a 989.203  |b LOZ  |2 21 
100 |a Lozano, Pedro  |e autor  |9 514455 
245 1 0 |a Historia de las revoluciones de la provincia del Paraguay 
260 |a Buenos Aires  |b Cabaut  |c 1905 
300 |a v 
583 |a last modification  |c 20000720 00:00:00  |k Rodrigo Vera 
600 |a  Antequera y Castro, José de,   |d 1689-1731  |9 897777 
650 7 |a Dependencia  |2 CL-VaPUC  |9 447782  |z Paraguay  |y Siglo 18 
650 7 |a Jesuitas en Paraguay  |9 897778 
651 0 |a Paraguay  |9 255336  |x Historia  |y Revolución comunera, 1721-1735 
942 |c BK  |2 ddc 
945 |d 20000720 00:00:00  |a crobeson 
952 |0 0  |1 0  |4 0  |6 989_203000000000000_LOZ_1905  |7 0  |8 X  |9 338935  |a BIBHIS  |b BIBHIS  |d 2019-11-20  |h v.2  |i 120159K  |o 989.203 LOZ 1905  |p 120159K  |r 2024-01-30  |w 2019-11-20  |y BK_X  |k HIS 
952 |0 0  |1 0  |4 0  |6 989_203000000000000_LOZ_1905  |7 0  |8 X  |9 338936  |a BIBHIS  |b BIBHIS  |d 2019-11-20  |h v.1  |i 1201603  |o 989.203 LOZ 1905  |p 1201603  |r 2024-01-30  |w 2019-11-20  |y BK_X  |k HIS